The Pattern of latex flow during tapping clonal variation in relation to plugging and drought tolerance (Record no. 70898)

MARC details
000 -LEADER
fixed length control field 00564nam a2200157Ia 4500
100 ## - MAIN ENTRY--AUTHOR NAME
Personal name Raghavendra A S
245 #4 - TITLE STATEMENT
Title The Pattern of latex flow during tapping clonal variation in relation to plugging and drought tolerance
260 ## - PUBLICATION, DISTRIBUTION, ETC. (IMPRINT)
Name of publisher Proceedings of Colloquim on Exploitation. Physiology and improvement of Hevea. IRCA, Montepellier, France.1984. pp. 205-226
Year of publication 1984
700 ## - ADDED ENTRY--PERSONAL NAME
Personal name Mathew S
700 ## - ADDED ENTRY--PERSONAL NAME
Personal name Rao G G
700 ## - ADDED ENTRY--PERSONAL NAME
Personal name Satheesan K V
700 ## - ADDED ENTRY--PERSONAL NAME
Personal name Sethuraj M R
700 ## - ADDED ENTRY--PERSONAL NAME
Personal name Sulochanamma S
942 ## - ADDED ENTRY ELEMENTS (KOHA)
Koha item type Journals
Holdings
Withdrawn status Lost status Damaged status Not for loan Home library Current library Date acquired Koha item type
      Journals RRII Library RRII Library 17/12/2021 Journals